000
00330nam a22001457a 4500
003
SGT
020
_a
978-81-265-2281-1
082
_a
746
_b
COO
100
_a
COOKLIN, GERRY
245
_a
PATTERN GRADING FOR WOMEN'S CLOTHES
260
_a
INDIA
_b
WILLEY
_c
2009
300
_a
382
650
_a
WOMEN'S CLOTHES
942
_2
ddc
_c
BK
_0
6
999
_c
9949
_d
9949